Kinh tế vi mô
Cung cấp kiến thức cơ bản về kinh tế học vi mô như: Những vấn đề cơ bản về kinh tế học; cầu, cung và giá thị trường; lý thuyết lựa chọn của người tiêu dùng;...
Guardat en:
| Altres autors: | , , , |
|---|---|
| Format: | Llibre |
| Idioma: | Vietnamese |
| Publicat: |
Tp.Hồ Chí Minh
Kinh tế Tp. Hồ Chí Minh
2020
|
| Edició: | Tái bản lần thứ 12, có sữa chữa và bổ sung |
| Matèries: | |
| Etiquetes: |
Afegir etiqueta
Sense etiquetes, Sigues el primer a etiquetar aquest registre!
|
| Thư viện lưu trữ: | Thư viện Trường Đại học Nam Cần Thơ |
|---|
| LEADER | 01802nam a22002897a 4500 | ||
|---|---|---|---|
| 001 | NCT_90596 | ||
| 008 | 210623b xxu||||| |||| 00| 0 vie d | ||
| 999 | |c 4469 |d 4469 | ||
| 020 | |a 9786049228940 |c 80000 | ||
| 082 | 0 | 4 | |2 23rd ed. |a 338.5 |b L120 |
| 245 | 0 | 0 | |a Kinh tế vi mô |c Lê Bảo Lâm...[et al.] |
| 250 | |a Tái bản lần thứ 12, có sữa chữa và bổ sung | ||
| 260 | |a Tp.Hồ Chí Minh |b Kinh tế Tp. Hồ Chí Minh |c 2020 | ||
| 300 | |a 235 tr. |b Hình vẽ |c 24cm | ||
| 520 | |a Cung cấp kiến thức cơ bản về kinh tế học vi mô như: Những vấn đề cơ bản về kinh tế học; cầu, cung và giá thị trường; lý thuyết lựa chọn của người tiêu dùng;... | ||
| 653 | |a Quản trị kinh doanh | ||
| 700 | 1 | |a Lê Bảo Lâm | |
| 700 | 1 | |a Nguyễn Như Ý | |
| 700 | 1 | |a Trần Thị Bích Dung | |
| 700 | 1 | |a Trần Bá Thọ | |
| 942 | |2 ddc |c BK | ||
| 952 | |0 0 |1 0 |2 ddc |4 0 |6 338_500000000000000_L120 |7 0 |9 21410 |a 000001 |b 000001 |d 2021-06-23 |o 338.5 L120 |p MD.18672 |r 2021-06-23 |v 80000.00 |w 2021-06-23 |y BK | ||
| 952 | |0 0 |1 0 |2 ddc |4 0 |6 338_500000000000000_L120 |7 0 |9 21411 |a 000001 |b 000001 |d 2021-06-23 |o 338.5 L120 |p MD.18673 |r 2021-06-23 |v 80000.00 |w 2021-06-23 |y BK | ||
| 952 | |0 0 |1 0 |2 ddc |4 0 |6 338_500000000000000_L120 |7 0 |9 21412 |a 000001 |b 000001 |d 2021-06-23 |o 338.5 L120 |p MD.18674 |r 2021-06-23 |v 80000.00 |w 2021-06-23 |y BK | ||
| 952 | |0 0 |1 0 |2 ddc |4 0 |6 338_500000000000000_L120 |7 0 |9 21413 |a 000001 |b 000001 |d 2021-06-23 |o 338.5 L120 |p MD.18675 |r 2021-06-23 |v 80000.00 |w 2021-06-23 |y BK | ||
| 952 | |0 0 |1 0 |2 ddc |4 0 |6 338_500000000000000_L120 |7 0 |9 21414 |a 000001 |b 000001 |d 2021-06-23 |o 338.5 L120 |p MD.18676 |r 2021-06-23 |v 80000.00 |w 2021-06-23 |y BK | ||
| 980 | |a Thư viện Trường Đại học Nam Cần Thơ | ||


